LEADER 01436nam a2200265 u 4500 001 000000071094 003 CaOOAMICUS 005 20070226122107.0 008 020521m1873 fr a u000 u fre u 035 $a10930499 040 $aPUL(R)$bita 100 1 $aLeroy, André.$0(OLS)http://pul/name/47240 245 10$aDictionnaire de pomologie :$bcontenent l'histoire, la description la figure des fruits modernes le plus généralement connus et coltivés /$cpar André Leroy .. 260 $aParis :$b[s.n.],$c<1873>. 300 $a4 v. :$bill. ;$c24 cm 504 $aBibliografia in nota. 505 0 $av.1. Poirs, A-C -- v.2. Poires, D-Z -- v.3. Pommes, A-L -- v.4. Pommes, M-Z, suivi d'un supplement synonymique et d'un errata. 650 4$aBotanica.$0(OLS)http://pul/subject/2695 650 4$aScienza.$0(OLS)http://pul/subject/3439 850 $aPUL 852 $aPUL$W1$xDP1 Antico 800$y27$m765 A 17-18$j91974$nBK-PRI$b $qStampati Antico$B91974$CPULBib$Z2$F91974 $H $81 852 $aPUL$W1$xDP1 Antico 800$y27$m765 A 17-18$j91974$nBK-PRI$b $qStampati Antico$B91975$CPULBib$Z2$F91975 $H $81 941 1 $a15 996 $6245$aDictionnaire de pomologie :$bcontenent l'histoire, la description la figure des fruits modernes le plus généralement connus et coltivés$9(OLS)http://pul/title/93634 996 $6260$aParis :$b[s.n.]$9(OLS)http://pul/publisher/47948 LEADER 01596nam a2200325 u 4500 001 000000075656 003 CaOOAMICUS 005 20070226123126.0 008 031014s1989 au u000 u ger u 020 $a3702217169 035 $a10972878 040 $aPUL$bita 100 1 $aHasitschka, Martin.$0(OLS)http://pul/name/50304 245 10$aBefreiung von Sünde nach dem Johannesevangelium :$beine bibeltheologische Untersuchung /$cMartin Hasitschka. 260 $aInnsbruck :$bTyrolia-Verlag,$c1989. 300 $a439 p. ;$c23 cm 490 1 $aInnsbrucker theologische Studien ;$v27 500 $aComprende indici. 502 $a"Diese vorliegende Arbeit wurde im Herbst 1986 von der Katholisch-Theologischen Fakultät an der Leopold-Franzens-Universität in Innsbruck als Habilitationsschrift angenommen". 504 $aBibliografia: p. [425]-435. 630 04$aBiblia.$pN.T.$pIohannes$xCritica e interpretazione.$0(OLS)http://pul/subject/37920 650 4$aPerdono.$0(OLS)http://pul/subject/20240 650 4$aPeccato.$0(OLS)http://pul/subject/5639 830 0$aInnsbrucker theologische Studien ;$v27.$0(OLS)http://pul/title/7380 850 $aPUL 852 $aPUL$W1$xSL Religione 1$y3$m64 M 27$j97304$nBK-PRI$b $qStampati$B97304$CPULBib$Z2$F97304 $H92128 $81 941 1 $a8 996 $6020$a3702217169$9(OLS)http://pul/number/98838 996 $6245$aBefreiung von Sünde nach dem Johannesevangelium :$beine bibeltheologische Untersuchung$9(OLS)http://pul/title/99293 996 $6260$aInnsbruck :$bTyrolia-Verlag$9(OLS)http://pul/publisher/50752 LEADER 01193nam a2200325 a 4500 001 000000175337 003 CaOOAMICUS 005 20220707145526.0 008 220707s2009 it u000 u ita r 020 $a978-88-430-5004-8* 032 $aLibriCat 040 $aPUL$bita 082 04$a103 100 1 $aTrabattoni, Franco.$0(OLS)http://pul/name/69856 245 10$aPlatone /$cFranco Trabattoni. 260 $aRoma :$bCarocci,$c©2009. 300 $a220 p. ;$c21 cm 490 1 $aPensatori ;$v05 500 $aInclude indici. 504 $aBibliografia: p. 207-213. 600 04$aPlato,$d427-347 a.C.$xFilosofia.$0(OLS)http://pul/subject/2945 830 0$aPensatori (Carocci) ;$v05.$0(OLS)http://pul/title/151205 850 $aPUL 852 $aPUL$W1$xSL Filosofia 3$y81$m103 COLL 11.5$j199540$b2a Ristampa 2019$qDDC 21$B204261$CPULBib$Z2$F204261 $H135695 $82 941 1 $a9 996 $6020$a978-88-430-5004-8*$9(OLS)http://pul/number/168732 996 $6082$a103$9(OLS)http://pul/classification/621 996 $6245$aPlatone$9(OLS)http://pul/title/13166 996 $6260$aRoma :$bCarocci$9(OLS)http://pul/publisher/66917 LEADER 01713nam a2200361 a 4500 001 000000139989 003 CaOOAMICUS 005 20141006130438.0 008 141006s2013 gw a u000 u eng r 020 $a978-3-642-37224-7 040 $aPUL$bita 082 04$a006.3 245 00$aComputing nature :$bturing centenary perspective /$cGordana Dodig-Crnkovic, Raffaela Giovagnoli (eds.) 260 $aHeidelberg :$bSpringer,$c©2013. 300 $aVI, 269 p. :$bill. ;$c24 cm 490 1 $aStudies in applied philosophy, epistemology and rational ethics ;$v07 500 $aInclude indice. 504 $aBibliografia nelle note. 600 14$aHusserl, Edmund,$d1859-1938$xFenomenologia.$0(OLS)http://pul/subject/36866 650 4$aElaborazione automatica dei dati.$0(OLS)http://pul/subject/12704 650 4$aNatura (Scienza).$0(OLS)http://pul/subject/36649 650 4$aIntelligenza artificiale.$0(OLS)http://pul/subject/22435 700 1 $aDodig-Crnkovic, Gordana,$d1955-$0(OLS)http://pul/name/90247 700 1 $aGiovagnoli, Raffaela,$d1962-$0(OLS)http://pul/name/89845 830 0$aStudies in applied philosophy, epistemology and rational ethics ;$v07.$0(OLS)http://pul/title/177211 850 $aPUL 852 $aPUL$W1$xSL Cons. Gen., Altre Classi 3$y75$m006. 3 DODGO 1$j161710$qDDC 21$B161159$CPULBib$Z2$F161159 $H124708 $82 941 1 $a9 996 $6020$a978-3-642-37224-7$9(OLS)http://pul/number/156070 996 $6082$a006.3$9(OLS)http://pul/classification/2488 996 $6245$aComputing nature :$bturing centenary perspective$9(OLS)http://pul/title/177210 996 $6260$aHeidelberg :$bSpringer$9(OLS)http://pul/publisher/82463